| 000 | 00735nam a22002057a 4500 | ||
|---|---|---|---|
| 005 | 2010072205365.0 | ||
| 010 | _aENG-97361 | ||
| 020 |
_c299.00 _a9788131727966 |
||
| 035 | _aEN-80894 | ||
| 037 | _bDBAD/VEN | ||
| 082 | _a650.13 | ||
| 100 |
_aD' Souza, Steven _93484 |
||
| 245 |
_aBrilliant networking: _cby Steven D' Souza _bwath the best networkers know, do and say / |
||
| 260 |
_aDelhi _bDorling Kindersley (India) _c2009 |
||
| 270 |
_a482, F.I.E., Patparganj, _bDelhi _e110092 |
||
| 300 |
_axii, 228p _c22cm (pbk) |
||
| 942 |
_2ddc _cEN _mDSO _h650.13 |
||
| 999 |
_c38285 _d38285 |
||